Průzkum podnikového trhu práce jako nástroj personálního řízení. 2
Analýza zdrojov pracovných síl a podnikového trhu práce. Štruktúra obyvateľstva v spádovej oblasti. Počet pracovníkov dochádzajúcich za prácou do podniku. Prognóza obyvateľstva, pracovných zdrojov a pracovných síl podnikového lokálneho trhu práce, spádového územia podniku.
Salvato in:
| Autore principale: | |
|---|---|
| Natura: | Capitolo di libro |
| Lingua: | ceco |
| Soggetti: | |
| Tags: |
Nessun Tag, puoi essere il primo ad aggiungerne!!
|
MARC
| LEADER | 00000naa a2200000 4500 | ||
|---|---|---|---|
| 001 | r022403 | ||
| 005 | 20230913070207.4 | ||
| 041 | 0 | |a cze | |
| 044 | |a CZ | ||
| 245 | 1 | 0 | |a Průzkum podnikového trhu práce jako nástroj personálního řízení. 2 |c Josef Koubek |
| 520 | |a Analýza zdrojov pracovných síl a podnikového trhu práce. Štruktúra obyvateľstva v spádovej oblasti. Počet pracovníkov dochádzajúcich za prácou do podniku. Prognóza obyvateľstva, pracovných zdrojov a pracovných síl podnikového lokálneho trhu práce, spádového územia podniku. | ||
| 610 | 2 | 0 | |a podnik |
| 610 | 2 | 0 | |a trh práce |
| 610 | 2 | 0 | |a zamestnanosť |
| 610 | 2 | 0 | |a manažment personálny |
| 610 | 2 | 0 | |a riadenie podnikové |
| 610 | 2 | 0 | |a obce |
| 610 | 2 | 0 | |a regióny |
| 610 | 2 | 0 | |a Česko |
| 610 | 2 | 0 | |a zdroje pracovné |
| 610 | 2 | 0 | |a sily pracovné |
| 610 | 2 | 0 | |a dochádzka do práce |
| 610 | 2 | 0 | |a prognózy |
| 100 | 1 | |a Koubek, Josef | |